000 00471nam a2200181 a 4500
001 1776331654553
003 YourLibrary
005 20260416150023.0
008 260416s2006##################000#0#eng##
020 _a9780198516224
082 0 4 _a362.19690068
_bROB
100 1 _aRoberts, Jennifer A.,
_eauthor.
245 1 0 _aThe Economics of Infectious Disease :
260 _c2006.
650 0 _aMedical.
942 _cENGLISH
040 _aYourLibrary
_beng
_cYourLibrary
999 _c619570
_d619570